000 00870cam a22002653a 4500
001 2647
003 PGUSA
005 20140828083019.0
008 010501s2001||||xxu|||||s|||||000 | eng d
040 _aPGUSA
_beng
042 _adc
050 4 _aDA
100 1 _aTrevelyan, George Otto,
_d1838-1928
245 1 0 _aLife and Letters of Lord Macaulay. Volume 1
_h[electronic resource] /
_cGeorge Otto Trevelyan
260 _bProject Gutenberg,
_c2001
506 _aPublic domain in the USA.
516 _aElectronic text
653 _aAuthors, English -- 19th century -- Biography
653 _aStatesmen -- Great Britain -- Biography
653 _aMacaulay, Thomas Babington Macaulay, Baron, 1800-1859
653 _aHistorians -- Great Britain -- Biography
830 0 _aProject Gutenberg
_v2647
856 4 0 _uhttp://www.gutenberg.org/ebooks/2647
942 _cEB
999 _c231980
_d231980